000 00640nam a22001937a 4500
999 _c170174
_d170174
005 20191211155528.0
010 _aA-795032
020 _cN.A.
_a-
035 _aA-795032
037 _bBPPD
082 _a270
100 _aخا ن مو لا نا و حيد الد ين
245 _aفکر ا سلا می
_cخا ن مو لا نا و حيد الد ين
246 _aFikr Islami (Urdu)
_bMoulana Waheeduddin Khan
260 _aDelhi
_c1996 ء
_bAl Risala BooksThe Islamic Center
270 _aNizamuddin West Market,Near Desu
_bN.Delhi
_k-
_e110013
300 _a239 ص
_c22 cm(hb)
942 _2ddc
_cUR
_h270
_mو ح ی